000 00808nam a22002057a 4500
999 _c11951
_d11951
003 AR-CdUCM
008 190401b ||||| |||| 00| 0 spa d
040 _aMUNICIPALIDAD PROVINCIAL DEL CUSCO
_cBIBLIOTECA MUNICIPAL DEL CUSCO
082 _aES / 373.700 /
_bV66
_219ed.
100 _aVillacorta Paredes, Juan
_927655
245 _aArtes Plásticas 5° Libro :
_bPintura moderna universal y Pintores contemporáneos del Perú /
260 _aLima :
_bStudium.
300 _a112 páginas ;
_bimágenes.
_c24cm.
505 _aContenido: Filosofía del arte -- El impresionismo -- El fauvismo -- El cubismo -- La pintura contemporánea en el Perú...
650 _aArte.
_9561
650 _aArtes plásticas.
_927656
650 _aPintura en el Perú
_929583
942 _2ddc
_cLIBROS
945 _anom
_d2019-04-05